000
00315nam a2200121 a 4500
005
20140414132003.0
008
100719s19uu xx 00 eng d
050
_a
TR 001.64
_b
C73 2004
100
_a
BPB editorial board
245
_a
Computers made friendly.
260
_a
Delhi :
_b
BPB pub,
_c
2004.
999
_c
113108
_d
113108